| 000 | 01251nam a22002655a 4500 | ||
|---|---|---|---|
| 003 | OSt | ||
| 005 | 20161205145430.0 | ||
| 008 | 161205s1986 ua frb 000 0 ara d | ||
| 040 |
_aEG-ScBUE _bara _cEG-ScBUE |
||
| 082 | 0 | 4 |
_a341.552 _bس ر ح _222 |
| 100 | 1 | _aسرحان، عبد العزيز محمد. | |
| 245 | 1 | 0 |
_aدور محكمة العدل الدولية في تسوية المنازعات الدولية وإرساء مبادئ القانون الدولي العام مع التطبيق على مشكلة الشرق الأوسط / _cتأليف عبد العزيز محمد سرحان. |
| 250 | _aط. 2. | ||
| 260 |
_a[د. م. : _bد. ن.]، _c1986. |
||
| 300 |
_a352 ص. ؛ _c24 سم. |
||
| 500 | _aنالت الطبعة الأولي سنة 1971 جائزة الدولة التشجيعية. | ||
| 504 | _aيشتمل على إرجاعات ببليوجرافية. | ||
| 610 | 2 | 7 |
_a محكمة العدل الدولية (لاهاي، هولندا) _2BUEsh |
| 650 | 7 |
_aالتسوية السلمية للمنازعات الدولية. _2BUEsh |
|
| 650 | 7 |
_aالمنازعات الدولية. _2BUEsh _927936 |
|
| 650 | 7 |
_aالقانون الدولي العام. _2BUEsh |
|
| 651 | _2BUEsh | ||
| 653 |
_bLLAAWW _cDecember2016 |
||
| 942 | _2ddc | ||
| 999 |
_c23458 _d23430 |
||